| 000 | 01022na a2200313 4500 | ||
|---|---|---|---|
| 001 | 23850 | ||
| 003 | MIRAKIL | ||
| 005 | 20181213155316.0 | ||
| 008 | 180105b tu 000 0 | ||
| 040 |
_aMilas _btur _cTR-AnCHP |
||
| 041 | _atur | ||
| 082 |
_aCHP 324.2372 _bÖ39c 2014 |
||
| 090 | _aCHP 324.2372 Ö39c 2014 | ||
| 100 | _aÖğütveren, Ümmü | ||
| 222 | _aCHP Kurultayı | ||
| 245 |
_aCumhuriyet Halk Partisi Beşinci olağanüstü kurultayı ve Bülent Ecevit (5-7 Mayıs 1972) _cÜmmü Öğütveren |
||
| 246 | _aCHP Kurultayı | ||
| 260 |
_aAnkara _b[yayl.y.] _c2014 |
||
| 300 |
_a229 s. _bfotğ. _c29 sm. |
||
| 502 |
_aYüksek Lisans Tezi _cAnkara Üniversitesi _d2014 |
||
| 504 | _aKaynakça var. | ||
| 600 |
_aEcevit, Bülent _d1925-2006 |
||
| 610 |
_aCumhuriyet Halk Partisi (CHP) _xKurultaylar, 1972 |
||
| 651 |
_aTürkiye _xSiyaset ve yönetim _y1972 |
||
| 657 | _aCHP 5. olağanüstü kurultayı | ||
| 657 | _aCHP 1972 kurultayı | ||
| 657 | _aCHP Kurultayları | ||
| 942 |
_2ddc _cBKS |
||
| 999 |
_c10326 _d10326 |
||